000 00564nam a2200229Ia 4500
003 OSt
005 20221005131834.0
006 a|||||r|||| 00| 0
007 ta
008 221004b |||||||| |||| 00| 0 ben d
024 _a53824
037 _cTextual
040 _aCRL
_cCRL
_bben
041 _2ben
_aben
082 _aO157,2M63,3, 32H1
100 _aRoy Au.
_9220484
245 0 _aSwapnasawdham
260 _c1941
650 _aBENGALI LITERATURE
942 _hO157,2M63,3, 32H1
_cTEXL
_2cc
999 _c1061593
_d1061593